000 00224nam a22000857a 4500
008 170228b xxu||||| |||| 00| 0 eng d
100 _92966
_aGoel.D.K et al
245 _aFinancial Statments XII
260 _aNew Delhi
_bS.Chand
_c2012
999 _c6210
_d6210